000 02450nam0a2200373 i 4500
001 RU\NLR\bibl\1993678
005 20260419041238.0
010 _a9785906069795
021 _aRU
_b2012-102418
_97549
035 _a(NLR Aleph) 001982150
090 _a4105787
_c4105787
100 _a20130130d2012 u y0rusy50 ca
101 0 _arus
102 _aRU
105 _aa |||||||||
200 1 _aСокращение уровня загрязнения сельских территорий сельскохозяйственными, промышленными и твердыми бытовыми отходами
_e[пособие]
_fразраб. Рос. гос. аграр. ун-т - МСХА им. К. А. Тимирязева, Tempus
_g[Шинделов А.В. и др.]
210 _aМосква
_c[б.и.]
_d2012
215 _a189, [1] с.
_cил.
_d30
225 1 _aRUDECO
_eпереподготовка кадров в сфере развития сельских территорий и экологии
_eсерия обучающих пособий
_vмодуль N 9
300 _aЗагл. обл.: Снижение уровня загрязнения сельских территорий сельскохозяйственными, промышленными и твердыми бытовыми отходами
320 _aБиблиогр. в конце глав
512 1 _aСнижение уровня загрязнения сельских территорий сельскохозяйственными, промышленными и твердыми бытовыми отходами
606 1 _aСельскохозяйственные ландшафты
_jУчебные издания
_xЗагрязнение отходами
_xЭкологическая безопасность
_92149721
_3RU\NLR\auth\661599476
606 1 _aСельское хозяйство
_jУчебные издания
_xМалоотходные технологии
_92149722
_3RU\NLR\auth\661599477
686 _aП028я7
686 _aЖ69я7
686 _aН931я7
702 1 _aШинделов
_bА. В.
_gАндрей Викторович
_4220
712 0 2 _4570
_aНовосибирский государственный аграрный университет
_9309278
_3RU\NLR\AUTH\8818035
801 0 _aRU
_bNLR
_c20130130
_gRCR
801 1 _aRU
_bNLR
_c20130130
942 _cBOOK
980 _aNBR